000
00357nam a2200157Ia 4500
003
LK-CoDNM
008
010623t1980 xxu||||| |||| 00| 1 sin d
040
_a
LK-CoDNM
_d
LK-CoDNM
_e
LK-CoDNM
041
_a
sin
080
_a
(x)7.07 GUR
245
_a
ගුරු පූජා
246
_a
Gurupuja
260
_b
_c
1980
300
_b
, 22 cm
942
_c
BK
999
_c
111305
_d
111305